Το δάσος και ο κόσμος του
Αποθηκεύτηκε σε:
| Κύριος συγγραφέας: | |
|---|---|
| Μορφή: | Βιβλίο |
| Γλώσσα: | Greek |
| Δημοσίευση: |
Αθήνα :
Gutenberg,
1987.
|
| Σειρά: | Παιδική λογοτεχνία (Gutenberg)
|
| Θέματα: | |
| Ετικέτες: |
Προσθήκη ετικέτας
Δεν υπάρχουν, Καταχωρήστε ετικέτα πρώτοι!
|
MARC
| LEADER | 00000nam a2200000 a 4500 | ||
|---|---|---|---|
| 001 | 1/127080 | ||
| 008 | 230725s1987####gr | ||| |||| ||gre|| | ||
| 040 | |a GR-MyUa |b gre |c GR-MyUa |e AACR2 | ||
| 041 | 0 | |a gre | |
| 082 | 7 | |a 808.899282 |2 (23) | |
| 100 | 1 | |a Παπάκου-Λάγου, Αυγή Β., |d 1922- | |
| 245 | 1 | 3 | |a Το δάσος και ο κόσμος του / |c Αυγή Παπάκου-Λάγου ; εικονογράφηση: Ζωή Κυττοπούλου. |
| 260 | |a Αθήνα : |b Gutenberg, |c 1987. | ||
| 300 | |a 91 σ. : |b εικ. ; |c 24 εκ. | ||
| 490 | 1 | |a (Παιδική λογοτεχνία / Gutenberg) | |
| 650 | 0 | |a Children's literature | |
| 650 | 0 | |a Forests and forestry | |
| 650 | 0 | |a Forest conservation | |
| 830 | 0 | |a Παιδική λογοτεχνία (Gutenberg) | |
| 852 | |a INST |b RHODES |e 20230725 |h 808.899282 ΠΑΠ |p 005400043725 |q 005400043725 |t BK |y 0 | ||
| 970 | |z 25-07-2023 | ||